[Event "Ch Czechoslovakia (students)"]
[Site "masterchessopen.com Hrazany (Czech Republic)"]
[Round "8"]
[White "Petrik Karol (SVK)"]
[Black "Vrabec Milos (CZE)"]
[Result "0-1"]
[WhiteElo "2082"]
[BlackElo "2175"]

1.e4 c5 2.Nf3 d6 3.d4 cxd4 4.Nxd4 Nf6 5.Nc3 Nc6 6.Bg5 Bd7 7.Qd2 Rc8 8.f4 a6
9.O-O-O Qc7 10.Bxf6 gxf6 11.Be2 Bh6 12.g3 Nxd4 13.Qxd4 Qc5 14.Qd3 O-O 15.Kb1
Rfd8 16.Qf3 e6 17.Bd3 Bc6 18.g4 Bg7 19.Rhg1 h6 20.h4 Qb6 21.f5 d5 22.fxe6 fxe6
23.exd5 Bxd5 24.Nxd5 Rxd5 25.Qe4 f5 {#R} 0-1

[Event "Olympiad"]
[Site "masterchessopen.com Nice (France)"]
[Round "3"]
[White "Knight Timothy"]
[Black "Dueball Juergen (GER)"]
[Result "0-1"]
[WhiteElo "2200"]
[BlackElo "2455"]

1.e4 c5 2.Nf3 Nc6 3.d4 cxd4 4.Nxd4 Nf6 5.Nc3 d6 6.Bg5 Bd7 7.Qd2 Rc8 8.O-O-O
Nxd4 9.Qxd4 Qa5 10.Bd2 e5 11.Qd3 a6 12.Kb1 Qb6 13.f3 Be7 14.Be2 Be6 15.Nd5
Nxd5 16.exd5 Bd7 17.Be3 Qa5 18.Bd2 Qc7 19.Bc3 O-O 20.Rc1 f5 21.Qe3 Bf6 22.Bd3
Rce8 23.Qe1 e4 24.fxe4 fxe4 25.Be2 Bxc3 26.bxc3 Qc5 27.Rd1 Rc8 28.Kb2 Rf2
29.Bf1 Ba4 30.Be2 Rxe2 {#R} 0-1

[Event "Olympiad"]
[Site "masterchessopen.com Nice (France)"]
[Round "0"]
[White "Pritchett Craig W (SCO)"]
[Black "Robatsch Karl (AUT)"]
[Result "1-0"]
[WhiteElo "2350"]
[BlackElo "2440"]

1.e4 c5 2.Nf3 d6 3.d4 cxd4 4.Nxd4 Nf6 5.Nc3 Nc6 6.Bg5 Bd7 7.Qd2 Rc8 8.O-O-O h6
9.Bxf6 gxf6 10.Kb1 Nxd4 11.Qxd4 Qa5 12.f4 Qc5 13.Qxc5 Rxc5 14.f5 e6 15.Bd3 h5
16.Rhf1 Be7 17.Ne2 Rg8 18.g3 h4 19.gxh4 Rh8 20.Rf4 d5 21.b4 Rc8 22.exd5 exd5
23.Rg4 a6 24.a3 Bc6 25.Nd4 Bd6 26.Nxc6 Rxc6 27.Be2 Bxh2 28.Rxd5 Be5 29.c4 Ke7
30.c5 Rh5 31.Rg8 {#r} 1-0

[Event "Ch URS (team)"]
[Site "masterchessopen.com Toljatti (Russia)"]
[Round "0"]
[White "Kayumov Dmitry D (UZB)"]
[Black "Vooremaa Andres (EST)"]
[Result "1-0"]
[WhiteElo "2441"]
[BlackElo "2240"]

1.e4 c5 2.Nf3 Nc6 3.d4 cxd4 4.Nxd4 Nf6 5.Nc3 d6 6.Bg5 Bd7 7.Qd2 Nxd4 8.Qxd4
Qa5 9.f4 h6 10.Bh4 Rc8 11.e5 g5 12.exf6 e5 13.fxe5 dxe5 14.Qd3 gxh4 15.O-O-O
Bc6 16.Nb5 Bc5 17.Qf5 Be3+ 18.Kb1 O-O 19.Bc4 Kh8 20.Nd6 Qc7 21.Nxf7+ Rxf7
22.Bxf7 Rf8 23.Be6 Bg5 24.f7 Kg7 25.g3 Bxh1 26.gxh4 Rd8 27.Rxh1 Be3 28.Rf1 Kf8
29.Qh7 Qb8 30.Qg8+ Ke7 31.f8=Q+ Rxf8 32.Qg7+ {#r} 1-0

[Event "?"]
[Site "masterchessopen.com Yugoslavia"]
[Round "0"]
[White "Planinec Albin (SLO)"]
[Black "Robatsch Karl (AUT)"]
[Result "1-0"]
[WhiteElo "2535"]
[BlackElo "2349"]

1.e4 c5 2.Nf3 Nc6 3.d4 cxd4 4.Nxd4 Nf6 5.Nc3 d6 6.Bg5 Bd7 7.Qd2 Rc8 8.O-O-O h6
9.Bxf6 gxf6 10.Nf5 Qa5 11.Ne3 f5 12.Nc4 Qc5 13.exf5 Bxf5 14.g4 Bh7 15.Qe1 Nd4
16.f4 Bg7 17.f5 Rc6 18.Ne4 Qd5 19.Bd3 O-O 20.Nc3 Qg2 21.Rd2 Qh3 22.Nd5 Kh8
23.Qxe7 Qf3 24.Be4 Qxg4 25.Rg2 Qxe4 26.Qxe4 Bxf5 27.Qe1 Rxc4 {#r} 1-0

[Event "Ch URS (qual)"]
[Site "masterchessopen.com Rostov on Don (Russia)"]
[Round "0"]
[White "Klovans Janis (LAT)"]
[Black "Ubilava Elizbar (ESP)"]
[Result "1-0"]
[WhiteElo "2436"]
[BlackElo "2527"]

1.e4 c5 2.Nf3 d6 3.d4 cxd4 4.Nxd4 Nf6 5.Nc3 Nc6 6.Bg5 Bd7 7.Qd2 Rc8 8.O-O-O
Nxd4 9.Qxd4 Qa5 10.Be3 a6 11.Bc4 e6 12.Bb3 Be7 13.f4 e5 14.Qd3 O-O 15.Rhf1 Bc6
16.Kb1 b5 17.fxe5 dxe5 18.Nd5 Bxd5 19.exd5 Ne8 20.Qf5 Qc7 21.g4 g6 22.Qe4 a5
23.a4 bxa4 24.Qxa4 Nd6 25.Bd2 Ra8 26.Bc3 Nb7 27.Qc6 Bd6 28.Qxc7 Bxc7 29.d6
Nxd6 30.Bxe5 Ra6 31.Rf6 a4 32.Ba2 Rd8 33.c4 Rd7 34.c5 Ne4 35.Rxd7 Nxf6 36.Rxc7
Kg7 37.g5 {#r} 1-0

[Event "Ch Sweden"]
[Site "masterchessopen.com Sweden"]
[Round "0"]
[White "Kinnmark Ove (SWE)"]
[Black "Bengtsson Bo (SWE)"]
[Result "0-1"]
[WhiteElo "2279"]
[BlackElo "2300"]

1.e4 c5 2.Nf3 d6 3.d4 cxd4 4.Nxd4 Nf6 5.Nc3 Nc6 6.Bg5 Bd7 7.Qd2 Nxd4 8.Qxd4 e6
9.Be2 Bc6 10.O-O Be7 11.f4 O-O 12.Bf3 Qc7 13.Kh1 Rfd8 14.Rad1 b5 15.Qe3 h6
16.Bh4 Ng4 17.Bxg4 Bxh4 18.f5 b4 19.Ne2 exf5 20.exf5 Re8 21.Qh3 Bg5 22.Nd4 Re3
23.Qh5 Be4 24.Be2 Qe7 25.Bf3 Rc8 26.Qg4 Bf6 27.h3 Rc4 28.Nb5 Bd3 {#R} 0-1

[Event "Ch Sweden"]
[Site "masterchessopen.com Sweden"]
[Round "0"]
[White "Hansson Dan (ISL)"]
[Black "Bengtsson Bo (SWE)"]
[Result "1-0"]
[WhiteElo "2345"]
[BlackElo "2340"]

1.e4 c5 2.Nf3 d6 3.d4 cxd4 4.Nxd4 Nf6 5.Nc3 Nc6 6.Bg5 Bd7 7.Qd2 Nxd4 8.Qxd4 e6
9.O-O-O Qa5 10.f4 Rc8 11.e5 dxe5 12.fxe5 Rxc3 13.Bd2 Qxa2 14.Bxc3 Bc5 15.Qxc5
Ne4 16.Qa5 {#r} 1-0

[Event "It"]
[Site "masterchessopen.com Tbilisi/Sukhumi (Georgia)"]
[Round "0"]
[White "Mnatsakanian Eduard A (ARM)"]
[Black "Ubilava Elizbar (ESP)"]
[Result "0-1"]
[WhiteElo "2200"]
[BlackElo "2527"]

1.e4 c5 2.Nf3 d6 3.d4 cxd4 4.Nxd4 Nf6 5.Nc3 Nc6 6.Bg5 Bd7 7.Qd2 Rc8 8.Nb3 h6
9.Bxf6 gxf6 10.f4 f5 11.exf5 Bxf5 12.Bd3 Qd7 13.O-O-O Bg7 14.Bxf5 Qxf5 15.Kb1
h5 16.Rhe1 Rh6 17.Ne4 Kf8 18.Ng3 Qf6 19.c3 h4 20.Ne4 Qf5 21.Qd5 Rh5 22.Qxf5
Rxf5 23.g3 hxg3 24.hxg3 Rb5 25.Ned2 a5 26.a4 Rf5 27.Nc4 Na7 28.Ne3 Rh5 29.Rd5
Rxd5 30.Nxd5 e6 31.Ne3 b6 32.Kc2 b5 33.axb5 a4 34.Nd2 Nxb5 35.Kd3 a3 36.c4
Bxb2 37.Nd1 Bf6 38.cxb5 a2 39.Nb3 Rc1 {#R} 0-1

[Event "It"]
[Site "masterchessopen.com Tbilisi/Sukhumi (Georgia)"]
[Round "0"]
[White "Radev Nikolai (BUL)"]
[Black "Zaichik Gennadi (USA)"]
[Result "0-1"]
[WhiteElo "2304"]
[BlackElo "2457"]

1.e4 c5 2.Nf3 d6 3.d4 cxd4 4.Nxd4 Nf6 5.Nc3 Nc6 6.Bg5 Bd7 7.Qd2 Rc8 8.O-O-O
Nxd4 9.Qxd4 Qa5 10.f4 Rxc3 11.bxc3 e5 12.Qb4 Qxb4 13.cxb4 Nxe4 14.Bh4 g5
15.fxg5 Be7 16.Bc4 h6 17.Rhf1 O-O 18.Rde1 hxg5 19.Rxe4 gxh4 20.Bd5 Kg7 21.Kb2
b5 22.Re3 Bd8 23.Ra3 Bb6 24.Raf3 f5 25.Kb1 Kg6 26.a3 Rc8 27.Kc1 Bd4 28.h3 e4
29.Rb3 Re8 30.Kd2 Re5 31.Bb7 Be6 32.Rbb1 Bc4 33.Rfe1 e3+ {#R} 0-1

[Event "Ch World (juniors) (under 20)"]
[Site "masterchessopen.com Graz (Austria)"]
[Round "12"]
[White "Van Der Wiel John T H (NED)"]
[Black "Masculo Jose (BRA)"]
[Result "1-0"]
[WhiteElo "2459"]
[BlackElo "2310"]

1.e4 c5 2.Nf3 Nc6 3.d4 cxd4 4.Nxd4 Nf6 5.Nc3 d6 6.Bg5 Bd7 7.Qd2 Rc8 8.f4 Nxd4
9.Qxd4 Qa5 10.e5 dxe5 11.fxe5 Bc6 12.b4 Qa3 13.Bc1 {#r} 1-0

[Event "Memorial V.Karseladze"]
[Site "masterchessopen.com Kutaisi (Georgia)"]
[Round "0"]
[White "Estrin Yakov B (RUS)"]
[Black "Azmaiparashvili Zurab (GEO)"]
[Result "0-1"]
[WhiteElo "2450"]
[BlackElo "2637"]

1.e4 c5 2.Nf3 d6 3.d4 cxd4 4.Nxd4 Nf6 5.Nc3 Nc6 6.Bg5 Bd7 7.Qd2 Rc8 8.O-O-O
Nxd4 9.Qxd4 Qa5 10.Bxf6 gxf6 11.Kb1 Qc5 12.Qd2 Bg7 13.Bd3 f5 14.exf5 Qb6
15.Kc1 Rxc3 16.bxc3 Qa5 17.Rdf1 Bxc3 18.Qe3 Qxa2 19.Kd1 b5 20.Qe4 d5 21.Qf4 e5
22.fxe6 fxe6 23.Qd6 Qa4 24.h4 Rf8 25.f3 Qd4 26.Qb8+ Ke7 27.Qg3 b4 28.Qf2 Qxf2
29.Rxf2 a5 30.Bxh7 a4 31.Ke2 a3 32.Rff1 e5 33.Bd3 e4 34.fxe4 Bg4+ 35.Rf3 a2
{#R} 0-1

[Event "Ch Yugoslavia"]
[Site "masterchessopen.com Yugoslavia"]
[Round "0"]
[White "Ivkov Borislav (SRB)"]
[Black "Mestrovic Zvonimir (SLO)"]
[Result "1-0"]
[WhiteElo "2515"]
[BlackElo "2435"]

1.e4 c5 2.Nf3 Nc6 3.d4 cxd4 4.Nxd4 Nf6 5.Nc3 d6 6.Bg5 Bd7 7.Qd2 Rc8 8.Nb3 Na5
9.f3 a6 10.O-O-O h6 11.Be3 Nc4 12.Bxc4 Rxc4 13.g4 b5 14.Nd5 Nxd5 15.exd5 e5
16.dxe6 Bxe6 17.Na5 Ra4 18.Nb7 Rxa2 19.Kb1 Qf6 20.Qd4 Qxd4 21.Bxd4 Ra4 22.b3
Rb4 23.Rhe1 h5 24.g5 Rg8 25.g6 Kd7 26.Bc5 d5 27.Bxf8 Rxf8 28.Nc5+ Kd6 29.Ne4+
Ke7 30.Ng5 Kd6 31.Ne4+ Ke7 32.Ng5 Kd6 33.Rd2 d4 34.Kb2 Bd5 35.gxf7 Kd7 36.Re5
{#r} 1-0

[Event "?"]
[Site "masterchessopen.com Cienfuegos (Cuba)"]
[Round "0"]
[White "Garcia Gildardo (COL)"]
[Black "Vera Reynaldo (CUB)"]
[Result "1-0"]
[WhiteElo "2401"]
[BlackElo "2492"]

1.e4 c5 2.Nf3 d6 3.d4 cxd4 4.Nxd4 Nf6 5.Nc3 Nc6 6.Bg5 Bd7 7.Qd2 Rc8 8.O-O-O
Nxd4 9.Qxd4 Qa5 10.Be3 a6 11.f3 b5 12.Kb1 e5 13.Qa7 Qc7 14.Qxa6 b4 15.Bb6 Qb8
16.Nd5 Nxd5 17.Rxd5 Be7 18.Bb5 Bc6 19.Bf2 Kd7 20.Rhd1 f6 21.Rc5 Bxb5 22.Rxb5
Qa8 23.Rb7+ Ke8 24.Qb5+ Kf8 25.Qd7 Re8 26.Be1 {#r} 1-0

[Event "?"]
[Site "masterchessopen.com Romania"]
[Round "0"]
[White "Hakki Imad (SYR)"]
[Black "Pietrusiak Bogdan (SWE)"]
[Result "1-0"]
[WhiteElo "2362"]
[BlackElo "2165"]

1.e4 c5 2.Nf3 Nc6 3.d4 cxd4 4.Nxd4 Nf6 5.Nc3 d6 6.Bg5 Bd7 7.Qd2 Rc8 8.f4 Nxd4
9.Qxd4 Qa5 10.e5 dxe5 11.fxe5 e6 12.O-O-O Rxc3 13.Bd2 Bc5 14.Bxc3 Bxd4 15.Bxa5
Bxe5 16.Bb5 b6 17.Bxd7+ Nxd7 18.Bb4 Nc5 19.Bxc5 bxc5 20.Rd3 O-O 21.Rd7 Bf4+
22.Kb1 f5 23.Re7 Rf6 24.Rd1 h5 25.g3 Be3 26.Re1 f4 27.gxf4 Bxf4 28.Rxa7 Bxh2
29.a4 h4 30.a5 Bg3 31.Rg1 e5 32.a6 e4 33.Kc1 e3 34.Kd1 c4 35.Ke2 Rf2+ 36.Kxe3
Rxc2 37.Rxg7+ Kxg7 38.a7 Kf6 39.Rf1+ {#r} 1-0

[Event "It (open)"]
[Site "masterchessopen.com San Sebastian (Spain)"]
[Round "0"]
[White "Eslon Jaan (SWE)"]
[Black "Gomez Magdiel (CUB)"]
[Result "1-0"]
[WhiteElo "2356"]
[BlackElo "2137"]

1.e4 c5 2.Nf3 Nc6 3.d4 cxd4 4.Nxd4 Nf6 5.Nc3 d6 6.Bg5 Bd7 7.Qd2 Rc8 8.f4 Nxd4
9.Qxd4 Qa5 10.e5 Rxc3 11.Qxc3 Qxc3+ 12.bxc3 dxe5 13.fxe5 Ne4 14.Be3 a6 15.Be2
Nxc3 16.Bf3 b5 17.Bd4 Na4 18.c4 e6 19.O-O b4 20.Rab1 a5 21.a3 Bc5 22.Bxc5 Nxc5
23.axb4 axb4 24.Rxb4 Ke7 25.Rd1 Rc8 26.Kf2 Rc7 27.Ke3 Ra7 28.Kd4 Ra5 29.Rb8
Na6 30.Ra8 Nc5 31.Rxa5 Nb3+ 32.Kc3 Nxa5 33.Rd6 Bc8 34.Rb6 Kd7 35.Kb4 Nb7
36.Rxb7+ Bxb7 37.Bxb7 {#r} 1-0

[Event "Ch \"]
[Site "masterchessopen.com Sochi (Russia)"]
[Round "0"]
[White "Grechikhin Vladimir (USA)"]
[Black "Efimov Igor (MNC)"]
[Result "0-1"]
[WhiteElo "2205"]
[BlackElo "2430"]

1.e4 c5 2.Nf3 Nc6 3.Nc3 d6 4.d4 cxd4 5.Nxd4 Nf6 6.Bg5 Bd7 7.Qd2 Rc8 8.O-O-O
Nxd4 9.Qxd4 Qa5 10.f4 Rxc3 11.Bxf6 Rc7 12.Bh4 Qxa2 13.e5 Qa1+ 14.Kd2 Qa5+
15.b4 dxe5 16.fxe5 Qa4 17.Bd3 e6 18.c3 Qa2+ 19.Ke1 Qxg2 20.Be4 Qg4 21.Bg3 Be7
22.Rd3 Qg5 23.Kf2 Bb5 24.h4 Qh6 25.Re3 Rd7 26.Qxa7 O-O 27.Kg2 Rc8 28.Rf1 Bxf1+
{#R} 0-1

[Event "?"]
[Site "masterchessopen.com URS"]
[Round "0"]
[White "Piesina Gintautas (LTU)"]
[Black "Azmaiparashvili Zurab (GEO)"]
[Result "0-1"]
[WhiteElo "2325"]
[BlackElo "2390"]

1.e4 c5 2.Nf3 d6 3.d4 cxd4 4.Nxd4 Nf6 5.Nc3 Nc6 6.Bg5 Bd7 7.Qd2 Rc8 8.f4 Nxd4
9.Qxd4 Qa5 10.e5 dxe5 11.fxe5 e6 12.O-O-O Bc6 13.Bb5 Nd5 14.Nxd5 Bxb5 15.Qxa7
Bb4 16.Qxb7 O-O 17.Nxb4 Qxb4 18.Rd2 Qa5 19.a3 Bc6 20.Qb4 Qxe5 21.Bf4 Qf5
22.Re1 Bd5 23.Re5 Qf6 24.b3 Bxb3 25.Qxb3 Qxf4 26.Qe3 Qf1+ 27.Qe1 Qc4 28.Qe4
Qa2 29.Kd1 Qxa3 30.h4 h6 31.g4 Qg3 32.g5 Rb8 33.Rd3 Rb1+ 34.Kd2 Qf2+ 35.Qe2
Qf4+ 36.Qe3 Qb4+ 37.Rc3 Rd8+ 38.Ke2 Qg4+ 39.Qf3 Qd4 {#R} 0-1

[Event "Ch World (juniors) (under 20)"]
[Site "masterchessopen.com Copenhagen (Denmark)"]
[Round "6"]
[White "Barbulescu Dan (ROM)"]
[Black "Greenfeld Alon (ISR)"]
[Result "1-0"]
[WhiteElo "2315"]
[BlackElo "2305"]

1.e4 c5 2.Nf3 d6 3.d4 cxd4 4.Nxd4 Nf6 5.Nc3 Nc6 6.Bg5 Bd7 7.Qd2 Rc8 8.f4 Nxd4
9.Qxd4 Qa5 10.Bc4 e6 11.O-O-O b5 12.Bb3 b4 13.Bxf6 gxf6 14.Nd5 exd5 15.Qxf6
Rg8 16.Rxd5 Be7 17.Qxe7+ Kxe7 18.Rxa5 Rxg2 19.Rxa7 Ke8 20.Rb7 Be6 21.Ba4+ Kf8
22.Kb1 b3 23.Bxb3 Bxb3 24.Rxb3 Rcxc2 25.Rb4 h5 26.a4 Rxh2 27.Rxh2 Rxh2 28.a5
Rh1+ 29.Ka2 Rc1 30.a6 Rc7 31.Ra4 Rc8 32.b4 h4 33.a7 {#r} 1-0

[Event "Olympiad"]
[Site "masterchessopen.com Lucerne (Switzerland)"]
[Round "0"]
[White "Radulov Ivan (BUL)"]
[Black "Westerinen Heikki M J (FIN)"]
[Result "1-0"]
[WhiteElo "2480"]
[BlackElo "2410"]

1.e4 c5 2.Nf3 Nc6 3.d4 cxd4 4.Nxd4 Nf6 5.Nc3 d6 6.Bg5 Bd7 7.Qd2 Rc8 8.O-O-O
Nxd4 9.Qxd4 Qa5 10.Bxf6 gxf6 11.f4 Bg7 12.Be2 Qc5 13.Qd3 O-O 14.Qg3 f5 15.exf5
Bxf5 16.Rd5 Qb4 17.Rb5 Rxc3 18.Rxb4 Rxg3 19.hxg3 Rc8 20.Rc4 Rxc4 21.Bxc4 Be4
22.Rd1 Bxg2 23.Bd5 Bxd5 24.Rxd5 Bf8 25.Rb5 b6 26.Rb4 e5 27.Ra4 exf4 28.gxf4 h5
29.Kd2 h4 30.Rxa7 Bh6 31.Ke3 Kg7 32.Rd7 h3 33.Rxd6 h2 34.Rd1 Kg6 35.Ke4 f5+
36.Kf3 Bg7 37.Kg2 Kh5 38.Kxh2 {#r} 1-0

[Event "Ch Poland (team)"]
[Site "masterchessopen.com Gdynia (Poland)"]
[Round "1"]
[White "Sosnowska Elzbieta (POL)"]
[Black "Brustman Agnieszka (POL)"]
[Result "1-0"]
[WhiteElo "1918"]
[BlackElo "2344"]

1.e4 c5 2.Nf3 d6 3.d4 cxd4 4.Nxd4 Nf6 5.Nc3 Nc6 6.Bg5 Bd7 7.Qd2 Rc8 8.f3 Nxd4
9.Qxd4 Qa5 10.Bd2 e5 11.Qe3 a6 12.g4 h6 13.h4 Be6 14.a3 Be7 15.Bd3 Qc7
16.O-O-O b5 17.g5 Nd7 18.Qe2 h5 19.g6 f6 20.Nd5 Qc6 21.Ne3 Nc5 22.Kb1 Qb6
23.f4 Rb8 24.Nf5 Bxf5 25.exf5 a5 26.Rh3 b4 27.axb4 axb4 28.Bc4 Ra8 29.Bb5+ Kd8
30.Bxb4 Rb8 31.c4 Kc7 32.Rdd3 Ra8 33.Qe3 Nb7 {#r} 1-0

[Event "It"]
[Site "masterchessopen.com Copenhagen (Denmark)"]
[Round "3"]
[White "Jansa Vlastimil (CZE)"]
[Black "Kristiansen Jens (DEN)"]
[Result "0-1"]
[WhiteElo "2445"]
[BlackElo "2430"]

1.e4 c5 2.Nf3 Nc6 3.d4 cxd4 4.Nxd4 Nf6 5.Nc3 d6 6.Bg5 Bd7 7.Qd2 Rc8 8.O-O-O
Nxd4 9.Qxd4 Qa5 10.Bd2 g6 11.Kb1 Bg7 12.f3 O-O 13.Nb5 Qd8 14.Qxa7 Rc5 15.a4
Qc8 16.Bd3 Bxb5 17.axb5 Nd7 18.Be3 Rc7 19.b6 Rc6 20.f4 Nc5 21.Bb5 Nxe4 22.Bxc6
Qxc6 23.Rd3 Qb5 24.Rb3 Qe2 25.Rc1 Qxg2 26.Rd3 Rc8 27.Bd4 Bh6 28.Be3 Nc5
29.Bxc5 Rxc5 30.Qa8+ Kg7 31.Rd4 e5 32.Rxd6 Bxf4 33.Qd8 Bg5 34.Qc7 Qf2 35.b4
Rxc7 36.bxc7 Qf4 37.c8=Q Qxb4+ 38.Ka2 Bxc1 {#R} 0-1

[Event "Olympiad URS"]
[Site "masterchessopen.com Moscow (Russia)"]
[Round "0"]
[White "Klovans Janis (LAT)"]
[Black "Kuzmin Gennadi P (UKR)"]
[Result "1-0"]
[WhiteElo "2450"]
[BlackElo "2520"]

1.e4 c5 2.Nf3 d6 3.d4 cxd4 4.Nxd4 Nf6 5.Nc3 Nc6 6.Bg5 Bd7 7.Qd2 Rc8 8.Nb3 h6
9.Bxf6 gxf6 10.O-O-O f5 11.Bd3 Bg7 12.exf5 Nb4 13.Ne4 Qb6 14.f6 Bxf6 15.Nxf6+
exf6 16.Kb1 Be6 17.Rhe1 Kd7 18.Bb5+ Kc7 19.Qxb4 a6 20.Nd4 Kb8 21.Nxe6 fxe6
22.Qxd6+ {#r} 1-0

[Event "Tournament"]
[Site "masterchessopen.com Tashkent (Uzbekistan)"]
[Round "0"]
[White "Dolmatov Sergey (RUS)"]
[Black "Galakhov Sergey (RUS)"]
[Result "1-0"]
[WhiteElo "2555"]
[BlackElo "2208"]

1.e4 c5 2.Nf3 d6 3.d4 cxd4 4.Nxd4 Nf6 5.Nc3 Nc6 6.Bg5 Bd7 7.Qd2 Rc8 8.O-O-O
Nxd4 9.Qxd4 Qa5 10.f4 Bc6 11.Kb1 e6 12.Bxf6 gxf6 13.Bc4 Rg8 14.f5 Bd7 15.Bb3
Be7 16.Qe3 Rg7 17.Qh6 Kf8 18.Rd3 Kg8 19.fxe6 Bxe6 20.Nd5 Bxd5 21.Bxd5 Qc7
22.Rc3 Qd7 23.Rg3 Bf8 24.Qxf6 Rxg3 25.hxg3 Bg7 26.Qf3 h6 27.Qb3 b6 28.Rf1 Rf8
29.Rf5 Kh8 30.Bxf7 d5 31.Qxd5 Qc7 32.Qb3 Qd7 33.a3 Qd1+ 34.Ka2 Qd4 35.Bg6 Rc8
{#r} 1-0

[Event "Memorial Elekes (open)"]
[Site "masterchessopen.com Budapest (Hungary)"]
[Round "0"]
[White "Kruszynski Wlodzimierz (POL)"]
[Black "Mullner Imre (HUN)"]
[Result "1-0"]
[WhiteElo "2314"]
[BlackElo "2198"]

1.e4 c5 2.Nf3 Nc6 3.d4 cxd4 4.Nxd4 Nf6 5.Nc3 d6 6.Bg5 Bd7 7.Qd2 Nxd4 8.Qxd4
Qa5 9.Bd2 Qe5 10.Qxe5 dxe5 11.f3 Rc8 12.O-O-O e6 13.Bg5 a6 14.Bh4 Nh5 15.Ne2
Bc5 16.Kb1 b5 17.Nc1 Nf4 18.Be1 Rc7 19.g3 Ng6 20.Nd3 Be7 21.h4 h5 22.Bc3 f6
23.Be2 Bc6 24.Ba5 Rc8 25.Nb4 Bb7 26.b3 Bxb4 27.Bxb4 Ne7 28.Rd6 Nc6 29.Bc5 Nd8
30.Bb6 Nf7 31.Rd2 Rc6 32.Ba5 Rd6 33.Rxd6 Nxd6 34.Rd1 Ke7 35.Bb4 Rd8 36.c4 Bc6
37.Kb2 f5 38.f4 a5 39.Bc5 {#r} 1-0

[Event "It (open)"]
[Site "masterchessopen.com Hamburg (Germany)"]
[Round "0"]
[White "Lau Ralf (GER)"]
[Black "Neumann Joachim (GER)"]
[Result "1-0"]
[WhiteElo "2375"]
[BlackElo "2134"]

1.e4 c5 2.Nf3 Nc6 3.d4 cxd4 4.Nxd4 Nf6 5.Nc3 d6 6.Bg5 Bd7 7.Qd2 Rc8 8.f4 Nxd4
9.Qxd4 Qa5 10.e5 dxe5 11.fxe5 e6 12.O-O-O Bc6 13.Nb5 Bxb5 14.exf6 Ba4 15.Rd2
gxf6 16.Bd3 Rg8 17.Be3 f5 18.Kb1 b6 19.Rhd1 Bg7 20.Qh4 Bd7 21.Qxh7 Kf8 22.Bh6
Bc6 23.Bxg7+ Rxg7 24.Qh8+ Rg8 25.Qh6+ Ke8 26.Qf6 Bd5 27.a3 b5 28.Bxf5 Qd8
29.Qe5 Kf8 30.Rxd5 exd5 31.Rxd5 Qc7 32.Bxc8 {#r} 1-0

[Event "Ch Sweden"]
[Site "masterchessopen.com Linkoping (Sweden)"]
[Round "0"]
[White "Ernst Thomas (SWE)"]
[Black "Svenn Gosta (SWE)"]
[Result "1-0"]
[WhiteElo "2410"]
[BlackElo "2230"]

1.e4 c5 2.Nf3 Nc6 3.d4 cxd4 4.Nxd4 Nf6 5.Nc3 d6 6.Bg5 Bd7 7.Qd2 Nxd4 8.Qxd4
Qa5 9.f4 Rc8 10.e5 dxe5 11.fxe5 e6 12.O-O-O Bc6 13.Nb5 Bxb5 14.exf6 Ba4 15.h4
g6 16.Bd2 Rxc2+ 17.Kb1 Rxd2 18.Rxd2 Bb4 19.Rd3 O-O 20.Be2 Rc8 21.Ka1 e5 22.Qg4
Rc2 23.h5 Qc7 24.a3 Bxa3 25.Rxa3 Bd7 26.Qg5 Qb6 27.Qxe5 {#r} 1-0

[Event "?"]
[Site "masterchessopen.com Neskaupsstadur (Iceland)"]
[Round "0"]
[White "Hardarson Robert (ISL)"]
[Black "Schussler Harry (SWE)"]
[Result "0-1"]
[WhiteElo "2295"]
[BlackElo "2445"]

1.e4 c5 2.Nf3 Nc6 3.d4 cxd4 4.Nxd4 Nf6 5.Nc3 d6 6.Bg5 Bd7 7.Qd2 Rc8 8.f3 Nxd4
9.Qxd4 a6 10.O-O-O Qa5 11.h4 e6 12.Kb1 Be7 13.g4 Bc6 14.Qd2 b5 15.Bd3 Qc7
16.h5 O-O 17.Rdg1 Rfd8 18.Nd1 d5 19.exd5 Bxd5 20.Qe2 Bc4 21.Nf2 Nd5 22.Bxe7
Qxe7 23.Qe4 Bxd3 24.cxd3 Qc5 25.Qe2 Nf4 26.Qd2 Qd4 27.Rd1 h6 28.Rhe1 Nd5
29.Re4 Qf6 30.f4 b4 31.g5 hxg5 32.fxg5 Qf3 33.Ka1 Rc5 34.g6 fxg6 35.hxg6 Rdc8
36.Ree1 Rc2 37.Qg5 Qxf2 38.Rf1 Qe3 {#R} 0-1

[Event "It"]
[Site "masterchessopen.com Asuncion (Paraguay)"]
[Round "5"]
[White "Campora Daniel H (ARG)"]
[Black "Kropff Ricardo (PAR)"]
[Result "1-0"]
[WhiteElo "2440"]
[BlackElo "2236"]

1.e4 c5 2.Nf3 d6 3.d4 cxd4 4.Nxd4 Nf6 5.Nc3 Nc6 6.Bg5 Bd7 7.Qd2 Rc8 8.O-O-O
Nxd4 9.Qxd4 Qa5 10.Bd2 Qc5 11.Qxc5 Rxc5 12.Be3 Rxc3 13.bxc3 Nxe4 14.Bxa7 Nxc3
15.Rd3 Nxa2+ 16.Kb2 Nb4 17.Rb3 Nc6 18.Rxb7 Nxa7 19.Rxa7 Bc6 20.f3 g6 21.c3 Bd5
22.Bb5+ Kd8 23.Rd1 Be6 24.Rd4 Bg7 25.Rb4 Bc8 26.Bc6 {#r} 1-0

[Event "It (open)"]
[Site "masterchessopen.com Balatonbereny (Hungary)"]
[Round "11"]
[White "Mokry Karel (CZE)"]
[Black "Oltean Dorel (ROM)"]
[Result "1-0"]
[WhiteElo "2455"]
[BlackElo "2377"]

1.e4 c5 2.Nf3 d6 3.d4 cxd4 4.Nxd4 Nf6 5.Nc3 Nc6 6.Bg5 Bd7 7.Qd2 a6 8.f4 b5
9.Bxf6 gxf6 10.Nf5 b4 11.Nd1 Qc7 12.Nde3 e6 13.Ng3 Bh6 14.Ng4 Bf8 15.Nxf6+ Ke7
16.Ngh5 {#r} 1-0

[Event "It (open)"]
[Site "masterchessopen.com Balatonbereny (Hungary)"]
[Round "1"]
[White "Sax Gyula (HUN)"]
[Black "Oltean Dorel (ROM)"]
[Result "1-0"]
[WhiteElo "2535"]
[BlackElo "2377"]

1.e4 c5 2.Nf3 d6 3.d4 cxd4 4.Nxd4 Nf6 5.Nc3 Nc6 6.Bg5 Bd7 7.Qd2 a6 8.f4 b5
9.Bxf6 gxf6 10.O-O-O h5 11.g3 e6 12.Bg2 Rc8 13.Kb1 Nxd4 14.Qxd4 Rc4 15.Qd3 Qc7
16.Ne2 h4 17.g4 Ke7 18.Rd2 Bc6 19.Rhd1 Bh6 20.b3 Rc5 21.Qe3 Rc8 22.g5 fxg5
23.e5 gxf4 24.exd6+ Qxd6 25.Qf2 Qe5 26.Bxc6 R5xc6 27.Rd7+ Kf6 28.Nd4 R6c7
29.Rxc7 Rxc7 30.Qxh4+ Bg5 31.Qh8+ {#r} 1-0

[Event "It \"]
[Site "masterchessopen.com Trnava (Slovakia)"]
[Round "0"]
[White "Mokry Karel (CZE)"]
[Black "Hausner Ivan (CZE)"]
[Result "1-0"]
[WhiteElo "2455"]
[BlackElo "2400"]

1.e4 c5 2.Nf3 d6 3.d4 cxd4 4.Nxd4 Nf6 5.Nc3 Nc6 6.Bg5 Bd7 7.Qd2 Nxd4 8.Qxd4
Qa5 9.Bd2 Qc7 10.Bd3 e6 11.Nb5 Bxb5 12.Bxb5+ Nd7 13.O-O a6 14.Bxd7+ Qxd7 15.c4
Qc6 16.Bb4 e5 17.Qd3 Be7 18.Rfd1 O-O 19.Rd2 Rfc8 20.b3 a5 21.Bxd6 Bxd6 22.Qxd6
Qxe4 23.Rad1 g6 24.Qd5 Qxd5 25.Rxd5 Re8 26.Rb5 Re7 27.a4 e4 28.Kf1 Ra6 29.Rdd5
e3 30.Rxa5 Rf6 31.f3 e2+ 32.Ke1 Re3 33.Rab5 Rfe6 34.f4 Rc3 35.Re5 Rf6 36.Kd2
{#r} 1-0

[Event "Ch Commonwealth"]
[Site "masterchessopen.com London (England)"]
[Date "1985.02.22"]
[Round "7"]
[White "Clemance Philip A (NZL)"]
[Black "Barber Haydn J (AUS)"]
[Result "0-1"]
[WhiteElo "2355"]
[BlackElo "2167"]

1.e4 c5 2.Nf3 Nc6 3.d4 cxd4 4.Nxd4 Nf6 5.Nc3 d6 6.Bg5 Bd7 7.Qd2 Rc8 8.O-O-O
Nxd4 9.Qxd4 Qa5 10.Bd2 g6 11.Kb1 Bg7 12.f3 O-O 13.Nd5 Qd8 14.Bc3 Be6 15.Qxa7
Nxd5 16.Bxg7 Nb4 17.Bc3 Nxa2 18.Ba5 b6 19.Bxb6 Qe8 20.Rd4 Qc6 21.Bd3 Rb8
22.Ba5 Rb7 23.Qa6 Qxa6 24.Bxa6 Ra7 25.Bd3 Rxa5 26.c3 Rc8 27.Kc2 Nxc3 28.bxc3
Ra2+ 29.Kc1 Rxc3+ 30.Kb1 {#R} 0-1